Manual of traffic engineering studies (Record no. 33603)

000 -LEADER
fixed length control field 00526nam a22001937a 4500
001 - CONTROL NUMBER
control field 33603
003 - CONTROL NUMBER IDENTIFIER
control field BD-DhUET
008 - FIXED-LENGTH DATA ELEMENTS--GENERAL INFORMATION
fixed length control field 150917b xxu||||| |||| 00| 0 eng d
040 ## - CATALOGING SOURCE
Transcribing agency DLC
Modifying agency BD-DhUET
082 ## - DEWEY DECIMAL CLASSIFICATION NUMBER
Classification number 388.312
Item number CLE/1964
100 ## - MAIN ENTRY--PERSONAL NAME
Personal name Cleveland, Donald E.
245 ## - TITLE STATEMENT
Title Manual of traffic engineering studies
250 ## - EDITION STATEMENT
Edition statement 3rd ed.
260 ## - PUBLICATION, DISTRIBUTION, ETC. (IMPRINT)
Place of publication, distribution, etc. Woshington .D. C.
Name of publisher, distributor, etc. Institute of traffic Engineers
Date of publication, distribution, etc. 1964
300 ## - PHYSICAL DESCRIPTION
Extent xii, 187 p.
Other physical details ill
504 ## - BIBLIOGRAPHY, ETC. NOTE
Bibliography, etc Includes bibliographies
650 #0 - SUBJECT ADDED ENTRY--TOPICAL TERM
Topical term or geographic name as entry element Traffic engineering
942 ## - ADDED ENTRY ELEMENTS (KOHA)
Koha item type Edited Book
Holdings
Piece designation (barcode) Damaged status Price effective from Not for loan Withdrawn status Koha full call number Copy number Shelving location Source of classification or shelving scheme Date acquired Koha date last seen Location (home branch) Sublocation or collection (holding branch) Lost status Koha item type Koha normalized classification for sorting
84362 2015-09-17  388.312/CLE/19641Reference section 2015-09-172015-09-17Central Library, BUETCentral Library, BUET Edited Book388_312000000000000_CLE_1964
22130 2017-03-12  388.312/CLE/19642Circulation section 2017-03-122017-03-25Central Library, BUETCentral Library, BUET Edited Book388_312000000000000_CLE_1964
22128 2017-03-12  388.312/CLE/19643Circulation section 2017-03-122017-03-12Central Library, BUETCentral Library, BUET Edited Book388_312000000000000_CLE_1964
22126 2017-03-12  388.312/CLE/19644Circulation section 2017-03-122017-03-12Central Library, BUETCentral Library, BUET Edited Book388_312000000000000_CLE_1964
22127 2017-03-12  388.312/CLE/19645Circulation section 2017-03-122017-03-12Central Library, BUETCentral Library, BUET Edited Book388_312000000000000_CLE_1964
22129 2017-03-12  388.312/CLE/19646Circulation section 2017-03-122017-03-12Central Library, BUETCentral Library, BUET Edited Book388_312000000000000_CLE_1964